| 000 | 00890nam a22002417i 4500 | ||
|---|---|---|---|
| 999 |
_c23353 _d23353 |
||
| 003 | AR-CdUCM | ||
| 008 | 250811b20182018 pe||||| |||| 00| 0 spa d | ||
| 040 |
_aMUNICIPALIDAD PROVINCIAL DEL CUSCO _cBIBLIOTECA MUNICIPAL DEL CUSCO |
||
| 041 | _hspa | ||
| 082 |
_a372.07 / C577 _bC577 |
||
| 100 |
_aChullo Ccamerccoa, Nestor Porfirio _951330 |
||
| 245 | _aDidáctica en la educación / | ||
| 260 |
_aSicuani - Cusco _bEditorial Impresiones offset RIOS. _c2018 |
||
| 300 |
_a137 páginas. : _c20x15 cm. |
||
| 500 | _zPáginas 134-135 | ||
| 505 | _a La vida y época de Juan Amos Comenio -- Leyes de la didáctica -- Formación del hombre -- Los principios didácticos -- El aprendizaje -- Frases importantes | ||
| 650 |
_aDidáctica _95011 |
||
| 650 |
_aFormación _98434 |
||
| 650 |
_aAprendizaje _92143 |
||
| 650 |
_aFrases _918091 |
||
| 942 |
_2ddc _cLIBROS |
||
| 945 |
_apbjr _d11-08-2025 |
||